Pokemon Moves Starting with the Letter A - Statistics

General Stats
  • This quiz has been taken 242 times
    156 since last reset
  • The average score is 32 of 40
Answer Stats
Type Phys/Spc/Sta Special Effect Answer % Correct
Flying Physical Never Misses Aerial Ace
99%
Poison Special May Lower enemy Spec. Def 1 Stage Acid
96%
Poison Status Raise Def. 2 Stages Acid Armor
94%
Water Physical Priority Move Aqua Jet
94%
Grass Special Restore HP by 1/2 Damage Absorb
93%
Water Status Regain HP every turn Aqua Ring
93%
Flying Physical Double Damage with no Item Acrobatics
91%
Psychic Status Raise Speed 2 stages Agility
91%
Normal Status Opposite gender may not attack Attract
91%
Rock Special May Raise all stats 1 stage Ancientpower
90%
Rock Physical High Priority Move Accelerock
89%
Flying Special May make foe flinch Air Slash
89%
Flying Special High Crit. Rate Air Cutter
88%
Water Physical Damages foe and Raises user Speed 1 stage. Signatureof Quaquaval. Aqua Step
86%
Grass Status Heals all party status ailments Aromatherapy
84%
Ice Physical Deals double damage if user gets hit first Avalanche
84%
Poison Special Lowers foes Sp. Def. 2 stages Acid Spray
83%
Psychic Status Switch places with ally on the field Ally Switch
83%
Steel Physical Damages foe and traps them; Signature of Dhelmise Anchor Shot
81%
Psychic Status Raise Spec. Def. 2 stages Amnesia
80%
Normal Status Raise random stat 2 stages Acupressure
79%
Normal Status Target moves right after user After You
79%
Ice Special May lower enemy Atk. Aurora Beam
78%
Ice Status Halves all direct damage for 5 turns; only works in Hail Aurora Veil
78%
Flying Special High Crit. Rate Aeroblast
77%
Fighting Special Never Misses Aura Sphere
77%
Fighting Physical Hits 2-5 Times Arm Thrust
76%
Normal Special/Physical User uses random move known by party member Assist
76%
Ghost Physical May make the foe flinch Astonish
76%
Dark/Electric Physical Raises user Speed 1 stage. Signature of Morpeko. Aura Wheel
76%
Grass Special Damages foe and reduces Sp. Def by 1 stage; Signatureof Appletun Apple Acid
72%
Dark Physical Power doubles if target has already take damage this turn Assurance
71%
Water Physical N/A Aqua Tail
69%
Water Special Increased Critical Hit Ratio. Power increases 50% withSharpness. Aqua Cutter
68%
Ghost Special Signature of Shadow Rider Calyrex Astral Barrage
65%
Steel Status Raises users Speed by 2 stages Autotomize
65%
Bug Physical High Crit. Rate Attack Order
56%
Fighting Physical 30% Chance to Confuse. Deals Crash damage if missed. Axe Kick
51%
Fire Special Lowers user Sp. Def and Defense Armor Cannon
47%
Fairy Status Raises allies Spec. Def. Aromatic Mist
42%
No matching quizzes found
Score Distribution
Percent of People with Each Score
Percentile by Number Answered
Your Score History
You have not taken this quiz since the last reset